00963 2200325 4500001002100000005001500021035002000036007000300056008004100059020002200100082001700122084001900139100003500158245003800193250003500231300004000266500001100306650003600317504003300353264005400386336002100440337003000461338002300491040002200514090002300536090002200559850001200581999002200593990002200615INLIS00000000085589120200702115044 a0010-0720000104ta200702s2019 yoia g 1 | ind d a978-979-420-898-404223a499.2218 a499.2218 BUR s0 aBurhan NurgiyantoroePengarang14aStilistika /cBurhan Nurgiyantoro aCetakan ketiga, September 2019 axiv, 404 halaman :bgambar ;c21 cm aindeks 4aBahasa Indonesia--xGaya Bahasa aBibliografi: halaman 383-38731aYogyakarta :bGadjah Mada University Press,c2019 2rdacontentateks 2rdamediaatanpa perantara 2rdacarrieravolume aYOPDYOGbinderda aDEP 499.2218 BUR s aCB-D.11 2019-2753 aYOPDYOG aCB-D.11/2019-2753 aCB-D.11/2019-2753